Statistics for Matching Person to Country

Click here to take the quiz!

General Stats

  • This quiz has been taken 423 times
  • The average score is 13 of 23

Answers on the Map

Answers color-coded by a green-red scale on the quiz's map according to % correct below.
 

Answer Stats

Answer% Correct
Mahatma Gandhi
85%
Ho Chi Minh
77%
Michelangelo
77%
Elton John
74%
Joan of Arc
74%
Justin Bieber
74%
Alexander the Great
68%
Muhammad
68%
Confucius
66%
Hugh Jackman
66%
Thomas Edison
56%
Pablo Escobar
55%
Simon Bolivar
52%
Malala Yousafzai
51%
Björn
50%
Frida Kahlo
50%
Pyotr Ilyich Tchaikovsky
48%
Joseph Stalin
47%
Elon Musk
45%
Anne Frank
39%
Nikola Tesla
38%
Mother Teresa
30%
Joseph Pulitzer
25%

Score Distribution

Percentile by Number Answered

Percent of People with Each Score

Your Score History

You have not taken this quiz